Engineering mathematics Pt.1 : for first sem B.E classes VTU (Record no. 196589)
[ view plain ]
| 000 -LEADER | |
|---|---|
| fixed length control field | 00485nam a2200157Ia 4500 |
| 008 - FIXED-LENGTH DATA ELEMENTS--GENERAL INFORMATION | |
| fixed length control field | 231217s9999 xx 000 0 und d |
| 041 ## - LANGUAGE CODE | |
| Language code of text/sound track or separate title | English |
| 082 ## - DEWEY DECIMAL CLASSIFICATION NUMBER | |
| Classification number | 510.02462 CHA.1;64 |
| 100 ## - MAIN ENTRY--PERSONAL NAME | |
| Personal name | Chandrasekharaiah, D S. |
| 245 #0 - TITLE STATEMENT | |
| Title | Engineering mathematics Pt.1 : for first sem B.E classes VTU |
| 260 ## - PUBLICATION, DISTRIBUTION, ETC. | |
| Date of publication, distribution, etc. | 2010-11 |
| Name of publisher, distributor, etc. | Sudha Publications |
| Place of publication, distribution, etc. | Bangalore |
| 300 ## - PHYSICAL DESCRIPTION | |
| Extent | 600 |
| 400 ## - SERIES STATEMENT/ADDED ENTRY--PERSONAL NAME [OBSOLETE, CAN/MARC], [LOCAL, USA] | |
| Personal name | Sudha's student friendly text book series |
| 650 ## - SUBJECT ADDED ENTRY--TOPICAL TERM | |
| Topical term or geographic name entry element | mathematics,Pt.1,B.E,classes |
| 942 ## - ADDED ENTRY ELEMENTS (KOHA) | |
| Koha item type | Books |
| Date last seen | Total checkouts | Full call number | Accession number | Date last checked out | Price effective from | Category | Lost status | Damaged status | Department | Withdrawn status | Home library | Current library | Shelving location | Entry date | Grants | Currency symbol | Conversion rate | Discount | Old discount |
|---|---|---|---|---|---|---|---|---|---|---|---|---|---|---|---|---|---|---|---|
| 30/07/2024 | 1 | 510.02462 CHA.1;64 | 89031 | 16/07/2024 | 26/01/2024 | Books | Central Library | Central Library | Central Library | Central Library | 08/07/2014 | DONATED | RS | 1 |
